000 00251nam a2200109Ia 4500
008 220120s9999||||xx |||||||||||||| ||und||
082 _a003.78 DHA
100 _aDhamdhere
245 0 _aSystem programming
260 _bNew Delhi
300 _a596p.
_b300
999 _c136356
_d136356